| 000 | 00970nam a22002537a 4500 | ||
|---|---|---|---|
| 001 | 6329 | ||
| 003 | FISKH | ||
| 005 | 20250423124715.0 | ||
| 008 | 250422b cb ||||| |||| 00| 0 eng d | ||
| 020 | _a9781570914638 | ||
| 040 |
_aFISKH _beng _cFISKH _dFISKH |
||
| 050 | _aQB641 .S495 | ||
| 082 | _a919.9 | ||
| 100 | _aSiy, Alexandra | ||
| 245 |
_aCars on mars : _bRoving the red planet / _cBy Alexandra Siy |
||
| 250 | _aFirst paperback edition 2011 | ||
| 260 |
_aWatertown : _bCharlesbridge , _c2009. |
||
| 300 |
_a57 pages : _bcolor illustrations ; _c23 *28 cm . |
||
| 520 | _aFollow the course of NASA's Mars Exploration Rovers Mission. Learn how scientists determined that there was once water on Mars and how they resolved problems with the rovers in order to prolong the mission. | ||
| 650 |
_aMars (Planet) -Exploration _vJuvenile literature |
||
| 650 |
_aRoving vehicles( Astronautics ) _vJuvenile literature |
||
| 942 |
_2ddc _cBK _n0 |
||
| 999 |
_c6329 _d6329 |
||